00327nam a2200097Ia 4500008004100000041000800041100003000049245010200079260004000181300000800221240521s1999 xx 000 0 und d aeng aED. COSGROVE D.& PETTS G. aWATER ENGINEERING AND LANDSCAPE, WATER CONTROL AND LANDSCAPE TRANSFORMATION IN THE MODERN PERIOD. bC.B.S. PUBLISERS 8D DELHI- 32c1999 a214